<?xml version='1.0' encoding='UTF-8'?>
  <record xmlns="http://www.loc.gov/MARC21/slim">
    <leader>00000cam a2200000 i 4500</leader>
    <controlfield tag="001">on1529608015</controlfield>
    <controlfield tag="003">OCoLC</controlfield>
    <controlfield tag="005">20250918194553.7</controlfield>
    <controlfield tag="008">250729q14831484ne a          000 0 lat d</controlfield>
    <datafield tag="040" ind1=" " ind2=" ">
      <subfield code="a">QGJ</subfield>
      <subfield code="b">eng</subfield>
      <subfield code="e">rda</subfield>
      <subfield code="e">dcrmr</subfield>
      <subfield code="c">QGJ</subfield>
      <subfield code="d">QGJ</subfield>
      <subfield code="d">OCLCO</subfield>
    </datafield>
    <datafield tag="026" ind1=" " ind2=" ">
      <subfield code="e">000004 - 1b1 a2 resta : 1b2 e3 $pik - 2b1 a1 $dec : 2b2 d3</subfield>
      <subfield code="2">stcnf</subfield>
    </datafield>
    <datafield tag="035" ind1=" " ind2=" ">
      <subfield code="a">(OCoLC)1529608015</subfield>
    </datafield>
    <datafield tag="100" ind1="1" ind2=" ">
      <subfield code="a">François, Michel,</subfield>
      <subfield code="d">approximately 1435-1502,</subfield>
      <subfield code="e">author.</subfield>
      <subfield code="4">aut</subfield>
    </datafield>
    <datafield tag="240" ind1="1" ind2="0">
      <subfield code="a">Quodlibet de veritate Fraternitatis Rosarii Beatae Mariae Virginis</subfield>
    </datafield>
    <datafield tag="245" ind1="1" ind2="0">
      <subfield code="a">Quodlibet de v[er]itate frat[er]nitatis rosarij seu psalterij b[ea]te marie v[ir]ginis co[n]uent[us] colonien[sis] ordinis p[re]dicato[rum] /</subfield>
      <subfield code="c">p[ro]nu[n]ciatu[m] colonie In scol' arciu[m] t[em]p[or]e quolibeto[rum] Anno .m.cccc.lxxvj. per fr[atr]e[m] michaelem de insul' sacre theologie p[ro]fessorem eiusde[m] ordi[ni]s renouatu[m]q[ue] postea p[er] eu[n]de[m] anno lxxix. sequenti p[ro]pter certas c[aus]as in p[ro]logo [con]tentas Incip[i]t felicit[er].</subfield>
    </datafield>
    <datafield tag="246" ind1="1" ind2=" ">
      <subfield code="i">Title according to ISTC and IDL:</subfield>
      <subfield code="a">Quodlibet de veritate fraternitatis Rosarii</subfield>
    </datafield>
    <datafield tag="264" ind1=" " ind2="1">
      <subfield code="a">[Gouda] :</subfield>
      <subfield code="b">[Gerard Leeu],</subfield>
      <subfield code="c">[between 1483 and 11 June 1484]</subfield>
    </datafield>
    <datafield tag="300" ind1=" " ind2=" ">
      <subfield code="a">[68] unnumbered leaves :</subfield>
      <subfield code="b">illustration (woodcut) ;</subfield>
      <subfield code="c">20 cm (4to)</subfield>
    </datafield>
    <datafield tag="336" ind1=" " ind2=" ">
      <subfield code="a">text</subfield>
      <subfield code="b">txt</subfield>
      <subfield code="2">rdacontent</subfield>
    </datafield>
    <datafield tag="337" ind1=" " ind2=" ">
      <subfield code="a">unmediated</subfield>
      <subfield code="b">n</subfield>
      <subfield code="2">rdamedia</subfield>
    </datafield>
    <datafield tag="338" ind1=" " ind2=" ">
      <subfield code="a">volume</subfield>
      <subfield code="b">nc</subfield>
      <subfield code="2">rdacarrier</subfield>
    </datafield>
    <datafield tag="340" ind1=" " ind2=" ">
      <subfield code="m">4to</subfield>
      <subfield code="2">rdabf</subfield>
    </datafield>
    <datafield tag="500" ind1=" " ind2=" ">
      <subfield code="a">Title and statement of responsibility from caption (leaf a2 recto).</subfield>
    </datafield>
    <datafield tag="500" ind1=" " ind2=" ">
      <subfield code="a">Publication statement from ISTC.</subfield>
    </datafield>
    <datafield tag="500" ind1=" " ind2=" ">
      <subfield code="a">The imprint 'Cologne, 1479' reported by H 14044 is taken erroneously from the text (Hain's entry derives from the 1738 Bodleian catalogue via Panzer).</subfield>
    </datafield>
    <datafield tag="500" ind1=" " ind2=" ">
      <subfield code="a">Colophon (leaf ²d6 recto): Quodlibet colonie determinatu[m] cu[m] compendio alani de rupe doctoris p[re]cipui ac exemplis veraciter diligenterq[ue] collectis. de rosario gloriosissime dei genetricis marie impressoria arte elaboratu[m] Finit feliciter.</subfield>
    </datafield>
    <datafield tag="500" ind1=" " ind2=" ">
      <subfield code="a">Woodcut illustration of rosary on leaf a1 recto.</subfield>
    </datafield>
    <datafield tag="500" ind1=" " ind2=" ">
      <subfield code="a">Leaf d1 recto: In compendiu[m] psalterij b[ea]tissimi Trinitatis m[a]g[ist]ri alani de rupe ordinis p[re]dicato[rum] incipit feliciter p[ro]logus.</subfield>
    </datafield>
    <datafield tag="500" ind1=" " ind2=" ">
      <subfield code="a">Leaf e4 verso: Explicit co[m]pendiu[m] psalterij b[ea]tissime trinitatis ... magistri alani de rupe ordinis p[re]dicato[rum] doctoris sacre pagine eximij. Nota sequitur practica deuote p[er]orandi psalteriu[m] v[ir]ginis marie meditandi et contemplandi pro Epilogo psalterij beatissime trinitatis.</subfield>
    </datafield>
    <datafield tag="500" ind1=" " ind2=" ">
      <subfield code="a">Leaf e8 recto: Sequuntur decem p[ri]uilegia psalterij marie v[ir]ginis s[ecundu]m verissima[m] eiusdem nominis mirifici ethimologiam p[er] b[ea]te marie teuelacionem certissima[m].</subfield>
    </datafield>
    <datafield tag="500" ind1=" " ind2=" ">
      <subfield code="a">Leaf e8 verso: De rosario beate marie virginis Carmen.</subfield>
    </datafield>
    <datafield tag="500" ind1=" " ind2=" ">
      <subfield code="a">Leaf  ²a1 recto: De psalterio beate virginis marie Exempla valde motiua ad amorem illius q[ue] insup[er] su[n]t fide digna De q[ua]litate [con]fessionis et de modo meditandi in quinq[ue] lapidibus grossis patriloquij et in Decem paruis Exemplu[m].</subfield>
    </datafield>
    <datafield tag="500" ind1=" " ind2=" ">
      <subfield code="a">Capital spaces without guide letters.</subfield>
    </datafield>
    <datafield tag="500" ind1=" " ind2=" ">
      <subfield code="a">Signatures: a-e⁸ ²a-²b⁸ ²c-²d⁶; a1v, and ²d6v is blank.</subfield>
    </datafield>
    <datafield tag="505" ind1="0" ind2="0">
      <subfield code="g">a2r-c8v:</subfield>
      <subfield code="t">Quodlibet de veritate fraternitatis Rosarii /</subfield>
      <subfield code="r">Michael Francisci de Insulis --</subfield>
      <subfield code="g">d1r-e4v:</subfield>
      <subfield code="t">Compendium psalterii Trinitatis /</subfield>
      <subfield code="r">Alanus de Rupe --</subfield>
      <subfield code="g">e4v-e8r:</subfield>
      <subfield code="t">Epilogus psalterii --</subfield>
      <subfield code="g">e8r:</subfield>
      <subfield code="t">Decem privilegia psalterii Marie virgini --</subfield>
      <subfield code="g">e8v:</subfield>
      <subfield code="t">De rosario beate Marie virginis carmen --</subfield>
      <subfield code="g">²a1r-²d6r:</subfield>
      <subfield code="t">De psalterio beate virginis Marie exempla</subfield>
    </datafield>
    <datafield tag="510" ind1="4" ind2=" ">
      <subfield code="a">Incunabula Short Title Catalogue,</subfield>
      <subfield code="c">if00297500</subfield>
      <subfield code="u">https://data.cerl.org/istc/if00297500</subfield>
    </datafield>
    <datafield tag="510" ind1="4" ind2=" ">
      <subfield code="a">Gesamtkatalog der Wiegendrucke,</subfield>
      <subfield code="c">10261</subfield>
      <subfield code="u">https://www.gesamtkatalogderwiegendrucke.de/docs/GW10261.htm</subfield>
    </datafield>
    <datafield tag="510" ind1="4" ind2=" ">
      <subfield code="a">Incunabula in Dutch Libraries,</subfield>
      <subfield code="c">1856</subfield>
    </datafield>
    <datafield tag="510" ind1="4" ind2=" ">
      <subfield code="a">Incunabula printed in the Low Countries,</subfield>
      <subfield code="c">999</subfield>
    </datafield>
    <datafield tag="510" ind1="4" ind2=" ">
      <subfield code="a">Short title catalogue Netherlands,</subfield>
      <subfield code="c">101759975</subfield>
      <subfield code="u">https://data.cerl.org/stcn/101759975</subfield>
    </datafield>
    <datafield tag="510" ind1="4" ind2=" ">
      <subfield code="a">Typenrepertorium der Wiegendrucke,</subfield>
      <subfield code="c">ma12767</subfield>
      <subfield code="u">https://tw.staatsbibliothek-berlin.de/ma12767</subfield>
    </datafield>
    <datafield tag="546" ind1=" " ind2=" ">
      <subfield code="b">Typeface: 5B:82G</subfield>
    </datafield>
    <datafield tag="610" ind1="2" ind2="0">
      <subfield code="a">Confraternity of the Most Holy Rosary.</subfield>
    </datafield>
    <datafield tag="650" ind1=" " ind2="0">
      <subfield code="a">Rosary</subfield>
      <subfield code="v">Early works to 1800.</subfield>
    </datafield>
    <datafield tag="650" ind1=" " ind2="6">
      <subfield code="a">Rosaire</subfield>
      <subfield code="v">Ouvrages avant 1800.</subfield>
    </datafield>
    <datafield tag="610" ind1="2" ind2="7">
      <subfield code="a">Confraternity of the Most Holy Rosary</subfield>
      <subfield code="2">fast</subfield>
    </datafield>
    <datafield tag="650" ind1=" " ind2="7">
      <subfield code="a">Rosary</subfield>
      <subfield code="2">fast</subfield>
    </datafield>
    <datafield tag="655" ind1=" " ind2="7">
      <subfield code="a">illustrations (layout features)</subfield>
      <subfield code="2">aat</subfield>
    </datafield>
    <datafield tag="655" ind1=" " ind2="7">
      <subfield code="a">incunabula (books)</subfield>
      <subfield code="2">aat</subfield>
    </datafield>
    <datafield tag="655" ind1=" " ind2="7">
      <subfield code="a">Pictures</subfield>
      <subfield code="2">fast</subfield>
    </datafield>
    <datafield tag="655" ind1=" " ind2="7">
      <subfield code="a">Early works</subfield>
      <subfield code="2">fast</subfield>
    </datafield>
    <datafield tag="655" ind1=" " ind2="7">
      <subfield code="a">Pictures.</subfield>
      <subfield code="2">lcgft</subfield>
    </datafield>
    <datafield tag="655" ind1=" " ind2="7">
      <subfield code="a">Incunabula.</subfield>
      <subfield code="2">lcgft</subfield>
    </datafield>
    <datafield tag="655" ind1=" " ind2="7">
      <subfield code="a">Images.</subfield>
      <subfield code="2">rvmgf</subfield>
    </datafield>
    <datafield tag="655" ind1=" " ind2="7">
      <subfield code="a">Incunables.</subfield>
      <subfield code="2">rvmgf</subfield>
    </datafield>
    <datafield tag="700" ind1="0" ind2=" ">
      <subfield code="a">Alain,</subfield>
      <subfield code="c">de la Roche,</subfield>
      <subfield code="d">approximately 1428-1475,</subfield>
      <subfield code="e">author.</subfield>
      <subfield code="4">aut</subfield>
    </datafield>
    <datafield tag="700" ind1="0" ind2="2">
      <subfield code="i">Container of (work):</subfield>
      <subfield code="a">Alain,</subfield>
      <subfield code="c">de la Roche,</subfield>
      <subfield code="d">approximately 1428-1475.</subfield>
      <subfield code="t">Psalterium Virginis Mariae.</subfield>
    </datafield>
    <datafield tag="700" ind1="1" ind2=" ">
      <subfield code="a">Leeu, Gerard,</subfield>
      <subfield code="d">approximately 1445-1493,</subfield>
      <subfield code="e">printer.</subfield>
      <subfield code="4">prt</subfield>
      <subfield code="1">https://id.oclc.org/worldcat/entity/E39PBJtcJTWQ6RpmK3QmP8bDbd</subfield>
    </datafield>
    <datafield tag="752" ind1=" " ind2=" ">
      <subfield code="a">Netherlands</subfield>
      <subfield code="d">Gouda,</subfield>
      <subfield code="e">publication place.</subfield>
      <subfield code="4">pup</subfield>
    </datafield>
    <datafield tag="758" ind1=" " ind2=" ">
      <subfield code="i">has work:</subfield>
      <subfield code="a">Quodlibet de veritate fraternitatis Rosarii Beatae Mariae Virginis (Text)</subfield>
      <subfield code="1">https://id.oclc.org/worldcat/entity/E39PCGmFxXKv4wVppvFXK44T9C</subfield>
      <subfield code="4">https://id.oclc.org/worldcat/ontology/hasWork</subfield>
    </datafield>
  </record>